000 00300nam a22001217a 4500
008 170627b xxu||||| |||| 00| 0 eng d
041 _aeng
080 _29TH
_a82
100 _a21
101 _aGJL
245 _aTEACHING WITH THE NORTON ANTHOLOGY ENGLISH LITERATURE
_cARDHIMEDES, S
942 _2udc
_cBK
999 _c19264
_d19264